Age of Empires 2 AI Surrender Excuses - Statistics

General Stats
  • This quiz has been taken 25 times
  • The average score is 61 of 205
Answer Stats
Taunt % Correct
{A}
93%
{a}
93%
{(a}
93%
{I}
87%
{My}
73%
{my}
73%
{villager}
67%
{the}
60%
{The}
60%
{to}
60%
{abdicate.}
53%
{No}
53%
{sheep}
53%
{Thou}
53%
{thou}
53%
{boar,}
47%
{shalt}
47%
{Town}
47%
{berries!}
40%
{Center.}
40%
{deer}
40%
{in}
40%
{not}
40%
{Thy}
40%
{too}
40%
{were}
40%
{Wonder}
40%
{wonder}
40%
{Age!}
33%
{All}
33%
{all}
33%
{food.}
33%
{gold.}
33%
{mine}
33%
{of}
33%
{victorious!}
33%
{was}
33%
{when}
33%
{When}
33%
{could}
27%
{Dark}
27%
{Far}
27%
{flew}
27%
{male.}
27%
{near}
27%
{on}
27%
{over}
27%
{peasant}
27%
{scout}
27%
{wert}
27%
{and}
20%
{as}
20%
{beginning.}
20%
{beginning}
20%
{birds}
20%
{build}
20%
{by}
20%
{fish}
20%
{fled}
20%
{hunt}
20%
{kingdom.}
20%
{many}
20%
{most}
20%
{accidentally}
13%
{Alas,}
13%
{am}
13%
{any}
13%
{art}
13%
{but}
13%
{citizenry}
13%
{clockwork!}
13%
{close}
13%
{color}
13%
{couldst}
13%
{folk}
13%
{graceless}
13%
{hillock}
13%
{it}
13%
{mistake.}
13%
{'Odsblood!}
13%
{peasants}
13%
{peasants'}
13%
{perished}
13%
{replant}
13%
{resigned}
13%
{rose}
13%
{slew}
13%
{sought}
13%
{superior}
13%
{them.}
13%
{townsfolk}
13%
{wit.}
13%
{with}
13%
{'Zounds!}
13%
{25}
7%
{appeared}
7%
{astride}
7%
{began}
7%
{commanded}
7%
{comprehend}
7%
{different}
7%
{directions!}
7%
{faced}
7%
{fierce}
7%
{find}
7%
{folks'}
7%
{foolishly}
7%
{fools}
7%
{foot}
7%
{Forsooth,}
7%
{heraldic}
7%
{him.}
7%
{hit}
7%
{human,}
7%
{hunters}
7%
{huts}
7%
{ignorant}
7%
{instead}
7%
{kingdom's}
7%
{mere}
7%
{naught}
7%
{nearby}
7%
{own.}
7%
{points)!}
7%
{ponies.}
7%
{present}
7%
{puling}
7%
{puny}
7%
{serve}
7%
{shore}
7%
{single}
7%
{slay}
7%
{sleepy.}
7%
{soul}
7%
{speech!}
7%
{tame}
7%
{throne}
7%
{uncomfortable.}
7%
{use}
7%
{walk}
7%
{wolves.}
7%
{wretches}
7%
{boars}
0%
{frequently.}
0%
{grunted}
0%
{loudly}
0%
No matching quizzes found
Score Distribution
Percent of People with Each Score
Percentile by Number Answered
Your Score History
You have not taken this quiz